| 000 | 00959nas a2200301 4500 | ||
|---|---|---|---|
| 001 | BR9800833 | ||
| 003 | BR-BrBNA | ||
| 005 | 20231205100854.0 | ||
| 007 | ta | ||
| 008 | 230509b bl.|||p| |||| 00| 00por d | ||
| 040 |
_aBR-BrBNA _bpor _cBiblioteca Nacional de Agricultura |
||
| 041 | _a(Pt) | ||
| 072 | _aF07; P36 | ||
| 100 | 1 | _aArdenghi, A.F. | |
| 100 | 1 | _aBazoni, R. | |
| 100 | 1 | _aHernani, L.C. | |
| 245 | 1 | _aEfeitos de sistemas de preparo nos atributos fisicos de um solo de "chapadoes", da Bacia do Rio Paraguai - Sao Gabriel do Oeste - MS | |
| 650 | _aManejo do Solo | ||
| 650 | _aConservacao do Solo | ||
| 650 | _aDensidade de Plantio | ||
| 650 | _aPorosidade | ||
| 650 | _aGradagem | ||
| 650 | _aLatossolo | ||
| 650 | _aMato Grosso do Sul | ||
| 773 | 0 |
_tEnsaios e Ciencia. Serie Ciencias Agrarias e da Terra (Brazil) _x _g(Dec 1997), v. 1(1) p. 93-102 _wBR9800833 |
|
| 909 |
_a202311 _bLúcia _c55 _dLúcia Elande |
||
| 942 |
_2AGRIS _n0 _cANA |
||
| 999 |
_c158559 _d158559 |
||